[Event "Saint Affrique op 17th"]
[Site "Saint Affrique"]
[Date "2009.07.22"]
[Round "6"]
[White "Van Elst, Andreas"]
[Black "Gozzoli, Cyrille"]
[Result "1-0"]
[WhiteElo "2288"]
[BlackElo "2125"]
[PlyCount "81"]
[EventDate "2009.07.18"]
[EventType "swiss"]
[EventRounds "9"]
[EventCountry "FRA"]
[SourceTitle "EXT 2010"]
[Source "ChessBase"]
[SourceDate "2010.11.25"]
[SourceVersion "1"]
[SourceVersionDate "2010.11.25"]
[SourceQuality "1"]

1. d4 Nf6 2. c4 c6 3. Nf3 d5 4. e3 e6 5. Bd3 Nbd7 6. 0-0 Bd6 7. Nbd2 0-0 8. e4 e5 9. exd5 cxd5 10. cxd5 exd4 11. Nc4 Nb6 12. Nxd4 Nxc4 13. Bxc4 Bxh2+ 14. Kxh2 Qc7+ 15. d6 Qxc4 16. Bf4 Bg4 17. f3 Bd7 18. Qd2 Rfd8 19. b3 Qd5 20. Rad1 Nh5 21. g4 g5 22. Nf5 Qxd2+ 23. Bxd2 Bxf5 24. Bxg5 f6 25. Bh4 Bc2 26. Rd2 Bg6 27. gxh5 Bxh5 28. Bxf6 Rd7 29. f4 Kf7 30. Be7 Re8 31. Rg2 Rdxe7 32. dxe7 Rxe7 33. Rff2 Kf6 34. Rg3 Bg6 35. Rc3 Bf5 36. Rd2 Be4 37. Rc5 Re6 38. Kg3 Bc6 39. Kg4 Re1 40. Rd6+ Ke7 41. Re5+ 1-0

[Event "La Fere op 8th"]
[Site "La Fere"]
[Date "2009.07.07"]
[Round "5"]
[White "Gozzoli, Cyrille"]
[Black "Casier, Fabrice"]
[Result "1-0"]
[WhiteElo "2125"]
[BlackElo "1820"]
[PlyCount "67"]
[EventDate "2009.07.04"]
[EventType "swiss"]
[EventRounds "9"]
[EventCountry "FRA"]
[SourceTitle "CBM 131 Extra"]
[Source "ChessBase"]
[SourceDate "2009.09.03"]
[SourceVersion "2"]
[SourceVersionDate "2009.09.16"]
[SourceQuality "1"]

1. d4 Nf6 2. Nf3 e6 3. Bf4 d5 4. e3 c5 5. c3 Nc6 6. Nbd2 cxd4 7. exd4 Be7 8. Bd3 b6 9. h3 Bb7 10. 0-0 0-0 11. Qc2 Bd6 12. Ne5 Qc7 13. Rae1 h6 14. Ndf3 Rac8 15. Qb1 Bxe5 16. Nxe5 Qe7 17. Bc1 Nxe5 18. dxe5 Nd7 19. f4 Nc5 20. Be3 Nxd3 21. Qxd3 Qc7 22. Bd4 Qc4 23. Qb1 Ba6 24. Rf3 Qc7 25. g4 b5 26. a3 Rb8 27. f5 Bc8 28. f6 g6 29. Qc1 Kh7 30. Be3 Rg8 31. Bxh6 Bb7 32. Qg5 Qc5+ 33. Kh2 d4 34. Qh4 1-0

[Event "La Fere op 8th"]
[Site "La Fere"]
[Date "2009.07.04"]
[Round "1"]
[White "Gozzoli, Cyrille"]
[Black "Wirig, Anthony"]
[Result "0-1"]
[WhiteElo "2125"]
[BlackElo "2491"]
[PlyCount "56"]
[EventDate "2009.07.04"]
[EventType "swiss"]
[EventRounds "9"]
[EventCountry "FRA"]
[SourceTitle "CBM 131 Extra"]
[Source "ChessBase"]
[SourceDate "2009.09.03"]
[SourceVersion "2"]
[SourceVersionDate "2009.09.16"]
[SourceQuality "1"]

1. d4 Nf6 2. Nf3 c5 3. c4 cxd4 4. Nxd4 g6 5. Nc3 Nc6 6. Nc2 Bg7 7. e4 d6 8. Be2 Nd7 9. 0-0 Bxc3 10. bxc3 Nc5 11. f3 Qa5 12. Bd2 Na4 13. Kh1 Be6 14. Nd4 Nb2 15. Qc1 Nxc4 16. Nxe6 Nxd2 17. Qxd2 fxe6 18. Bc4 Qe5 19. Qb2 b6 20. Rae1 0-0 21. Qb3 Rf6 22. f4 Rxf4 23. Bxe6+ Kg7 24. Rxf4 Qxf4 25. Qc4 Rf8 26. h3 Ne5 27. Qd4 Qg3 28. Qe3 Rf1+ 0-1

[Event "FRA-ch op-A"]
[Site "Pau"]
[Date "2008.08.20"]
[Round "8"]
[White "Gozzoli, Cyrille"]
[Black "Forestier, Carole"]
[Result "1/2-1/2"]
[WhiteElo "2104"]
[BlackElo "2067"]
[PlyCount "48"]
[EventDate "2008.08.11"]
[EventType "swiss"]
[EventRounds "9"]
[EventCountry "FRA"]
[SourceTitle "CBM 126 Extra"]
[Source "ChessBase"]
[SourceDate "2008.11.05"]
[SourceVersion "1"]
[SourceVersionDate "2008.11.05"]
[SourceQuality "1"]

1. d4 d5 2. Nf3 Nf6 3. Bf4 c5 4. c3 Nc6 5. e3 Qb6 6. Qc1 Bf5 7. Nbd2 Rc8 8. Be2 cxd4 9. Nxd4 Nxd4 10. exd4 e6 11. 0-0 Bd6 12. Bb5+ Ke7 13. Bxd6+ Qxd6 14. Nf3 a6 15. Ba4 Rhd8 16. Bc2 Bxc2 17. Qxc2 b5 18. a3 Kf8 19. Ne5 a5 20. f4 Qb6 21. f5 Qxd4+ 22. cxd4 Rxc2 23. fxe6 fxe6 24. b4 a4 1/2-1/2

[Event "FRA-ch op-A"]
[Site "Pau"]
[Date "2008.08.19"]
[Round "7"]
[White "Fevre, Mathieu"]
[Black "Gozzoli, Cyrille"]
[Result "1-0"]
[WhiteElo "2032"]
[BlackElo "2104"]
[PlyCount "82"]
[EventDate "2008.08.11"]
[EventType "swiss"]
[EventRounds "9"]
[EventCountry "FRA"]
[SourceTitle "CBM 126 Extra"]
[Source "ChessBase"]
[SourceDate "2008.11.05"]
[SourceVersion "1"]
[SourceVersionDate "2008.11.05"]
[SourceQuality "1"]

1. f4 d5 2. Nf3 Nf6 3. e3 c5 4. b3 Nc6 5. Bb2 g6 6. Bb5 Bd7 7. 0-0 Bg7 8. d3 0-0 9. Nbd2 a6 10. Bxc6 Bxc6 11. Ne5 Rc8 12. Qe1 b5 13. Rd1 Bb7 14. Qh4 d4 15. e4 Nd7 16. Nxd7 Qxd7 17. Rf3 Bf6 18. Qf2 Bg7 19. Rh3 f5 20. Qh4 h6 21. Re1 e5 22. fxe5 g5 23. Qh5 fxe4 24. Nxe4 Bxe4 25. Rxe4 Qe6 26. Bc1 Rf5 27. Rf3 Rxe5 28. Rxe5 Qxe5 29. Qf7+ Kh8 30. Qf5 Qxf5 31. Rxf5 c4 32. Ba3 cxd3 33. cxd3 Rc3 34. Rc5 Rxd3 35. Bb4 Rd1+ 36. Kf2 Ra1 37. Rc2 Kh7 38. Ke2 Bf6 39. Kd3 Rd1+ 40. Ke2 Ra1 41. Kd3 Rd1+ 1-0

[Event "France-ch U20"]
[Site "Reims"]
[Date "2004.04.22"]
[Round "6"]
[White "Gozzoli, Cyrille"]
[Black "Terrieux, Kevin"]
[Result "0-1"]
[WhiteElo "2094"]
[BlackElo "2239"]
[PlyCount "48"]
[EventDate "2004.04.??"]
[EventType "swiss"]
[EventRounds "9"]
[EventCountry "FRA"]
[SourceTitle "EXT 2005"]
[Source "ChessBase"]
[SourceDate "2004.11.15"]
[SourceVersion "1"]
[SourceVersionDate "2004.11.15"]
[SourceQuality "1"]

1. d4 e6 2. Nf3 c5 3. c3 d5 4. Bf4 Nc6 5. e3 Nf6 6. Bd3 Bd6 7. Bg3 Ne4 8. Bxe4 dxe4 9. Nfd2 cxd4 10. cxd4 f5 11. Nc4 Bb4+ 12. Nc3 0-0 13. 0-0 Bxc3 14. bxc3 b5 15. Ne5 Nxe5 16. Bxe5 Qd5 17. Qb3 Bd7 18. Rfb1 Rac8 19. Qb4 Kf7 20. Qa5 g5 21. Rb3 Rc4 22. Qa6 Rfc8 23. Qxa7 Ra4 24. c4 bxc4 0-1

[Event "Saint Affrique op 09th"]
[Site "Saint Affrique"]
[Date "2001.07.27"]
[Round "8.9"]
[White "Gozzoli, Cyrille"]
[Black "Alexieva, Silvia"]
[Result "0-1"]
[WhiteElo "2162"]
[BlackElo "2360"]
[PlyCount "112"]
[EventDate "2001.07.??"]
[EventType "swiss"]
[EventRounds "9"]
[EventCountry "FRA"]
[SourceTitle "EXT 2003"]
[Source "ChessBase"]
[SourceDate "2002.11.25"]
[SourceVersion "1"]
[SourceVersionDate "2002.11.25"]
[SourceQuality "1"]

1. d4 e6 2. Nf3 c5 3. c4 cxd4 4. Nxd4 Nf6 5. Nc3 a6 6. a3 d6 7. e4 Be7 8. Be2 Qc7 9. 0-0 b6 10. Be3 Bb7 11. f3 0-0 12. Qd2 Nc6 13. Nxc6 Bxc6 14. b4 Rfd8 15. Rac1 Qb7 16. Rfd1 b5 17. Qb2 Rd7 18. Rd2 bxc4 19. Bxc4 Rc7 20. Be2 Rac8 21. Rdc2 Nd7 22. b5 Bxb5 23. Nxb5 Rxc2 24. Rxc2 Rxc2 25. Qxc2 axb5 26. Qb3 Nf6 27. Qxb5 Qc7 28. a4 d5 29. exd5 Nxd5 30. Bf2 g6 31. Qc4 Qe5 32. Bf1 Bg5 33. Qd4 Qb8 34. a5 Bd8 35. a6 Bb6 36. a7 Qxa7 37. Qd2 Bxf2+ 38. Qxf2 Ne3 39. g3 Qc5 40. h4 h5 41. Bd3 e5 42. Kh1 Qd4 43. Be4 Kg7 44. Qe2 f5 45. Bb1 Qc3 46. Kh2 Qc1 47. Bd3 Kh6 48. Ba6 f4 49. gxf4 exf4 50. Bd3 Qc3 51. Be4 Qf6 52. Kh3 Qa1 53. Kh2 Nf1+ 54. Kg2 Ng3 55. Qb5 Qh1+ 56. Kf2 Qxh4 0-1

[Event "Saint Affrique op 09th"]
[Site "Saint Affrique"]
[Date "2001.07.26"]
[Round "7.23"]
[White "Tholey, Jean Paul"]
[Black "Gozzoli, Cyrille"]
[Result "0-1"]
[WhiteElo "2014"]
[BlackElo "2162"]
[PlyCount "30"]
[EventDate "2001.07.??"]
[EventType "swiss"]
[EventRounds "9"]
[EventCountry "FRA"]
[SourceTitle "EXT 2003"]
[Source "ChessBase"]
[SourceDate "2002.11.25"]
[SourceVersion "1"]
[SourceVersionDate "2002.11.25"]
[SourceQuality "1"]

1. d4 Nf6 2. c4 c6 3. Nf3 d5 4. cxd5 cxd5 5. Nc3 Nc6 6. e3 a6 7. Bd3 e6 8. Bd2 Bd7 9. Rc1 Rc8 10. Qe2 b5 11. a3 Na5 12. 0-0 Be7 13. Ne5 0-0 14. e4 Nb3 15. Rc2 Nxd4 0-1

[Event "Saint Affrique op 09th"]
[Site "Saint Affrique"]
[Date "2001.07.23"]
[Round "3.7"]
[White "Mollaoglu, Ergin"]
[Black "Gozzoli, Cyrille"]
[Result "1-0"]
[WhiteElo "2437"]
[BlackElo "2162"]
[PlyCount "50"]
[EventDate "2001.07.??"]
[EventType "swiss"]
[EventRounds "9"]
[EventCountry "FRA"]
[SourceTitle "EXT 2003"]
[Source "ChessBase"]
[SourceDate "2002.11.25"]
[SourceVersion "1"]
[SourceVersionDate "2002.11.25"]
[SourceQuality "1"]

1. d4 d5 2. c4 c6 3. Nc3 Nf6 4. Bg5 e6 5. e3 Be7 6. Nf3 Nbd7 7. Rc1 a6 8. Bd3 b5 9. c5 0-0 10. 0-0 e5 11. dxe5 Ne8 12. Bxe7 Qxe7 13. e4 dxe4 14. Bxe4 Bb7 15. b4 Nxe5 16. Re1 Nxf3+ 17. Qxf3 Qc7 18. Rcd1 Nf6 19. Rd6 Nxe4 20. Qxe4 Rad8 21. Red1 Rxd6 22. cxd6 Qd7 23. Qd4 Rd8 24. Ne4 Qf5 25. Qb6 Rd7 1-0

[Event "Toulon op"]
[Site "Toulon"]
[Date "2001.??.??"]
[Round "5"]
[White "Gozzoli, Cyrille"]
[Black "Gozzoli, Yannick"]
[Result "0-1"]
[WhiteElo "2162"]
[BlackElo "2282"]
[PlyCount "74"]
[EventDate "2001.10.??"]
[EventType "swiss"]
[EventRounds "9"]
[EventCountry "FRA"]
[SourceTitle "CBM 085 Extra"]
[Source "ChessBase"]
[SourceDate "2002.01.21"]
[SourceVersion "1"]
[SourceVersionDate "2002.01.21"]
[SourceQuality "1"]

1. d4 Nf6 2. Nf3 g6 3. c4 Bg7 4. Nc3 0-0 5. e4 d6 6. Bg5 h6 7. Bh4 Nbd7 8. Be2 e5 9. d5 a5 10. a4 Nc5 11. Nd2 Qe8 12. f3 Nh5 13. Nb3 Nf4 14. Nxc5 Nxg2+ 15. Kd2 dxc5 16. Bf2 b6 17. h4 h5 18. Kc2 Qe7 19. Qg1 Nf4 20. Be3 Bd7 21. Bxf4 exf4 22. Qg5 Qe5 23. Qxe5 Bxe5 24. Nb5 f6 25. Rag1 Kf7 26. Bf1 Rh8 27. Bh3 Bxh3 28. Rxh3 Rag8 29. b3 g5 30. Kd3 gxh4 31. Rgh1 Rg3 32. Rxh4 Rxf3+ 33. Kc2 Rf2+ 34. Kd3 Rg8 35. R4h3 Rgg2 36. Rd1 Rg3+ 37. Rxg3 fxg3 0-1

[Event "Majeur-chT 0001"]
[Site "France"]
[Date "2000.??.??"]
[Round "1"]
[White "Scharff, Georges"]
[Black "Gozzoli, Cyrille"]
[Result "0-1"]
[WhiteElo "1680"]
[BlackElo "1960"]
[PlyCount "58"]
[EventDate "2000.??.??"]
[EventType "team"]
[EventRounds "9"]
[EventCountry "FRA"]
[SourceTitle "EXT 2005"]
[Source "ChessBase"]
[SourceDate "2004.11.15"]
[SourceVersion "1"]
[SourceVersionDate "2004.11.15"]
[SourceQuality "1"]

1. Nf3 Nf6 2. b4 d5 3. Bb2 Bg4 4. e3 e6 5. a3 c5 6. bxc5 Bxc5 7. d4 Bb6 8. Nbd2 Ba5 9. Bb5+ Nbd7 10. 0-0 a6 11. Be2 Rc8 12. Rc1 b5 13. Nb3 Ne4 14. Nxa5 Qxa5 15. c3 Nxc3 16. Rxc3 Rxc3 17. Qd2 Rxa3 18. Qc1 Ra4 19. Qc6 Bxf3 20. gxf3 Qb6 21. Qa8+ Nb8 22. e4 0-0 23. exd5 Ra2 24. Rb1 exd5 25. Bd3 Rd8 26. Bc1 Qxd4 27. Bxh7+ Kxh7 28. Be3 Qf6 29. Qa7 Qg6+ 0-1

[Event "Provence-ch access Vitrolles 9900"]
[Site "France"]
[Date "2000.??.??"]
[Round "8"]
[White "Zejneli, Skender"]
[Black "Gozzoli, Cyrille"]
[Result "1-0"]
[WhiteElo "1850"]
[BlackElo "1940"]
[PlyCount "98"]
[EventDate "1999.??.??"]
[EventType "tourn"]
[EventRounds "9"]
[EventCountry "FRA"]
[SourceTitle "EXT 2005"]
[Source "ChessBase"]
[SourceDate "2004.11.15"]
[SourceVersion "1"]
[SourceVersionDate "2004.11.15"]
[SourceQuality "1"]

1. e4 d5 2. exd5 Qxd5 3. Nc3 Qa5 4. d4 c6 5. Nf3 Nf6 6. Bc4 Bf5 7. Bd2 e6 8. Qe2 Bb4 9. a3 Bxc3 10. Bxc3 Qc7 11. Bd3 Bxd3 12. Qxd3 Nbd7 13. Ne5 0-0-0 14. Nxf7 Nc5 15. Qg3 Qxf7 16. dxc5 Rd5 17. 0-0 h5 18. Rfe1 Rh6 19. Re5 Rg6 20. Qf3 Rg5 21. Rae1 Rxc5 22. Rxc5 Rxc5 23. Qe3 Rd5 24. Qxe6+ Qxe6 25. Rxe6 Kd7 26. Re5 Rd1+ 27. Re1 Rd6 28. f3 Ne8 29. h4 Re6 30. Kf2 g6 31. g4 Nd6 32. Re5 Rxe5 33. Bxe5 Nc4 34. Bc3 Ke6 35. a4 b6 36. b3 Nd6 37. Ke3 c5 38. Kf4 Nf7 39. gxh5 gxh5 40. Bg7 Nd6 41. Kg5 Nf5 42. Bb2 Ng3 43. Bc1 a6 44. Bf4 Ne2 45. Be3 Ng3 46. Bf2 Ne2 47. Kxh5 Nf4+ 48. Kg4 Ng6 49. f4 Kf6 1-0

[Event "Toulon op 5th"]
[Site "Toulon"]
[Date "1999.11.01"]
[Round "3"]
[White "Azariants, Evgeni"]
[Black "Gozzoli, Cyrille"]
[Result "0-1"]
[WhiteElo "2209"]
[BlackElo "1940"]
[PlyCount "98"]
[EventDate "1999.10.??"]
[EventType "swiss"]
[EventRounds "9"]
[EventCountry "FRA"]
[SourceTitle "CBM 073 Extra"]
[Source "ChessBase"]
[SourceDate "2000.01.11"]
[SourceVersion "1"]
[SourceVersionDate "2000.01.11"]
[SourceQuality "1"]

1. Nf3 d5 2. c4 c6 3. g3 e6 4. Bg2 Nf6 5. 0-0 Bd6 6. d4 0-0 7. Nc3 Nbd7 8. c5 Bc7 9. Bf4 Re8 10. b4 e5 11. dxe5 Nxe5 12. Nxe5 Bxe5 13. Bxe5 Rxe5 14. e4 d4 15. f4 Re8 16. Ne2 Nxe4 17. Qxd4 Bg4 18. Qxd8 Raxd8 19. Rfe1 Nxc5 20. Nd4 Rxe1+ 21. Rxe1 Nd3 22. Re4 f5 23. Ne6 fxe4 24. Nxd8 e3 25. Bf1 e2 26. Bxe2 Bxe2 27. Nxb7 Nxb4 28. Kf2 Bb5 29. Ke3 Nxa2 30. Kd4 Nc1 31. g4 Nb3+ 32. Kc3 Nc1 33. Kd4 Ne2+ 34. Ke5 Nc3 35. f5 Nd5 36. g5 Ne7 37. h4 Bd3 38. f6 Ng6+ 39. Kd4 Be2 40. Nd8 c5+ 41. Kxc5 Nxh4 42. Kd6 Bc4 43. Nc6 a6 44. Ne5 Bb3 45. fxg7 Kxg7 46. Kc6 a5 47. Kb5 a4 48. Kb4 Nf5 49. Kc3 Nd6 0-1

[Event "Provence-ch access Vitrolles 9900"]
[Site "France"]
[Date "1999.??.??"]
[Round "1"]
[White "Estevez, Eric"]
[Black "Gozzoli, Cyrille"]
[Result "1/2-1/2"]
[WhiteElo "1980"]
[BlackElo "1940"]
[PlyCount "46"]
[EventDate "1999.??.??"]
[EventType "tourn"]
[EventRounds "9"]
[EventCountry "FRA"]
[SourceTitle "EXT 2005"]
[Source "ChessBase"]
[SourceDate "2004.11.15"]
[SourceVersion "1"]
[SourceVersionDate "2004.11.15"]
[SourceQuality "1"]

1. b4 d5 2. Bb2 Bf5 3. Nf3 e6 4. e3 Nf6 5. a3 Be7 6. d4 Nbd7 7. Nbd2 Nb6 8. c4 dxc4 9. Nxc4 Nxc4 10. Bxc4 0-0 11. Qb3 Nd5 12. Bd3 Bxd3 13. Qxd3 Nb6 14. Qc2 Rc8 15. h4 Qd5 16. Rc1 a5 17. Ng5 g6 18. e4 Qb5 19. bxa5 Qxa5+ 20. Bc3 Qxa3 21. Ra1 Qd6 22. Qe2 c5 23. dxc5 Qxc5 1/2-1/2

[Event "Provence-ch prom Vitrolles 9899"]
[Site "France"]
[Date "1999.??.??"]
[Round "6"]
[White "Gozzoli, Cyrille"]
[Black "Gouiran, Serge"]
[Result "1-0"]
[WhiteElo "1670"]
[BlackElo "1640"]
[PlyCount "55"]
[EventDate "1998.??.??"]
[EventType "tourn"]
[EventRounds "9"]
[EventCountry "FRA"]
[SourceTitle "EXT 2005"]
[Source "ChessBase"]
[SourceDate "2004.11.15"]
[SourceVersion "1"]
[SourceVersionDate "2004.11.15"]
[SourceQuality "1"]

1. d4 Nf6 2. Nf3 d5 3. Bf4 Bf5 4. e3 e6 5. Be2 Bd6 6. Bg3 0-0 7. 0-0 Bxg3 8. hxg3 Nbd7 9. Nbd2 Ne4 10. c4 c6 11. Re1 Bg6 12. Rc1 Qe7 13. Qb3 Ndf6 14. Bd3 Nxd2 15. Nxd2 Bxd3 16. Qxd3 Rfd8 17. Qc3 dxc4 18. Qxc4 Nd5 19. Nf3 Nb6 20. Qb3 Rab8 21. Red1 Nd7 22. Rd2 Nf6 23. Rdc2 Rd5 24. Rxc6 bxc6 25. Qxb8+ Rd8 26. Qb3 Qd6 27. Qb7 Rb8 28. Qxc6 1-0

[Event "Provence-ch prom Vitrolles 9899"]
[Site "France"]
[Date "1999.??.??"]
[Round "9"]
[White "Mosti, Alain"]
[Black "Gozzoli, Cyrille"]
[Result "1/2-1/2"]
[WhiteElo "1700"]
[BlackElo "1670"]
[PlyCount "48"]
[EventDate "1998.??.??"]
[EventType "tourn"]
[EventRounds "9"]
[EventCountry "FRA"]
[SourceTitle "EXT 2005"]
[Source "ChessBase"]
[SourceDate "2004.11.15"]
[SourceVersion "1"]
[SourceVersionDate "2004.11.15"]
[SourceQuality "1"]

1. e4 d5 2. exd5 Qxd5 3. Nc3 Qa5 4. Bc4 Nf6 5. d3 c6 6. Nge2 Bf5 7. 0-0 e6 8. Ng3 Bg6 9. Bf4 Nbd7 10. a3 Be7 11. Re1 0-0 12. Qe2 Rfe8 13. Nce4 Nxe4 14. Nxe4 Qb6 15. Nd6 Bxd6 16. Bxd6 Qxb2 17. Reb1 Qd4 18. Bg3 Nb6 19. Be5 Qd7 20. Bb3 Nd5 21. h4 f6 22. Bb2 Kh8 23. Qg4 Qf7 24. Re1 Bf5 1/2-1/2

[Event "Provence-ch prom Vitrolles 9899"]
[Site "France"]
[Date "1998.??.??"]
[Round "3"]
[White "Gozzoli, Cyrille"]
[Black "Alard, Francis"]
[Result "1-0"]
[WhiteElo "1670"]
[BlackElo "1600"]
[PlyCount "109"]
[EventDate "1998.??.??"]
[EventType "tourn"]
[EventRounds "9"]
[EventCountry "FRA"]
[SourceTitle "EXT 2005"]
[Source "ChessBase"]
[SourceDate "2004.11.15"]
[SourceVersion "1"]
[SourceVersionDate "2004.11.15"]
[SourceQuality "1"]

1. d4 Nf6 2. Nf3 g6 3. Bf4 Bg7 4. e3 0-0 5. Bd3 d6 6. 0-0 Nh5 7. Bg3 Nxg3 8. hxg3 Bg4 9. Nbd2 Nc6 10. c3 a6 11. Re1 Re8 12. Qc2 Bxf3 13. Nxf3 e6 14. Rad1 Ne7 15. Re2 c6 16. c4 Qb6 17. Red2 Rac8 18. Be2 d5 19. Rc1 Red8 20. cxd5 cxd5 21. Qb1 Rxc1+ 22. Qxc1 Rc8 23. Rc2 Rxc2 24. Qxc2 Qc6 25. Qd2 Nf5 26. Ne1 Nd6 27. Nc2 Ne4 28. Qd3 Bf8 29. Qb3 Bd6 30. Qd3 Qa4 31. a3 Qa5 32. Bf1 Qd2 33. Qxd2 Nxd2 34. Ne1 e5 35. Nf3 Nxf3+ 36. gxf3 exd4 37. exd4 g5 38. Bh3 Bf8 39. Bc8 Bg7 40. Bxb7 Bxd4 41. b3 Bb2 42. a4 d4 43. Bxa6 Bc3 44. Kf1 Kf8 45. Ke2 Ke7 46. g4 Kd6 47. Kd3 Ke5 48. Bb7 f6 49. Kc4 Be1 50. b4 Bxf2 51. a5 Kf4 52. a6 d3 53. Kxd3 f5 54. gxf5 h5 55. f6 1-0